| 000 | 01446nam a2200277 i 4500 | ||
|---|---|---|---|
| 001 | 153211 | ||
| 003 | ES-MaACL | ||
| 005 | 20250626211320.0 | ||
| 008 | 990212s1852 sp |||| | spa d | ||
| 080 | _a55(460) | ||
| 110 | 2 |
_aComisión del Mapa Geológico de España. _93030 |
|
| 245 | 1 | 0 |
_aMemoria que comprende el resumen de los trabajos verificados en el año de 1850 por las diferentes secciones de la Comisión encargada de formar el mapa geológico de la provincia de Madrid y el general del reino _b: presentada el 4 de febrero de 1851... / _cpor Don Francisco de Luján... |
| 260 |
_aMadrid : _bImp. y Fund. de Don Eusebio Aguado, _c1852. |
||
| 300 |
_a52 p. ; _c26 cm. |
||
| 597 | _aPort. con grab. | ||
| 610 | 2 | 4 |
_aComisión del Mapa Geológico de España- _vMemorias. _9155974 |
| 650 | 4 |
_aGeología- _zEspaña. _9138819 |
|
| 650 | 4 |
_aFlora- _zEspaña. _9152605 |
|
| 650 | 4 |
_aFauna- _zEspaña. _9152606 |
|
| 700 | 1 |
_aLuján, Francisco de. _9129140 |
|
| 852 |
_aES-MaACL _jT-49-F-8 _z- Enc. hol. _q- Falto de cub. original _z- Enc. en un vol. facticio |
||
| 852 |
_aES-MaACL _jT-1279-F-2 _z- Enc. hol. _q- Falto de cub. original _z- Enc. en un vol. facticio _z.- Donat. Bosch |
||
| 852 |
_aES-MaACL _jL-32449(2) _z- Enc. cart. _z. - Legado Federico de Botella y de Hornos _z- Enc. en un vol. facticio, con tít. en el lomo de: España, geología: memorias varias, 2 |
||
| 942 | _2udc | ||
| 999 |
_c153211 _d153211 |
||